000
00220nam a2200097Ia 4500
005
20251222114410.0
008
251222s1900||||xx |||||||||||||| ||spa||
082
_a
DVD0060/P75/1996
245
0
_a
Sabrina:Sabrina
942
_c
DVD
999
_c
2004
_d
2004